Gaming Quiz

Random Gaming or Nintendo Quiz

Super Smash Bros. Kirby Hats Quiz Stats

 Plays Quiz Updated Mar 19, 2020

Support Sporcle.
Go Orange.
Score 0/38 Timer 04:00
14 Plays Today
Column Number Character % Correct
Mario
94.5%
Luigi
92.4%
Samus
92.3%
Sonic
92.2%
Donkey Kong
91.4%
Pikachu
90.1%
Fox
89.8%
Yoshi
89.6%
Link
89.6%
Bowser
89.5%
Falco
89.3%
Captain Falcon
88.4%
Ness
86%
Princess Peach
85.9%
Charizard
84.8%
Jigglypuff
83.9%
Ice Climbers
82.5%
Meta Knight
82%
Mr. Game and Watch
81%
Column Number Character % Correct
Zelda
79.7%
Marth
79.3%
Snake
78.8%
Sheik
78.7%
Lucario
78.4%
Pit
78%
R.O.B.
77.9%
King Dedede
77.8%
Ivysaur
77.6%
Wolf
77%
Ganondorf
76.8%
Wario
76%
Lucas
75%
Ike
74.3%
Captain Olimar
72.3%
Toon Link
69.5%
Squirtle
69.1%
Diddy Kong
61.8%
Zero Suit Samus
61.7%

You're not logged in!

Compare scores with friends on all Sporcle quizzes.
OR
Log In

From the Vault

80s Album Title Match-Up

by babymonkee

Let's match up some titles that you may have owned on cassette.
Remove Ads.
Support Sporcle.
Get the best of Sporcle when you Go Orange. This ad-free experience offers more features, more stats, and more fun while also helping to support Sporcle. Thank you for becoming a member.

Show Comments

Extras

Top Quizzes Today


Score Distribution

Your Account Isn't Verified!

In order to create a playlist on Sporcle, you need to verify the email address you used during registration. Go to your Sporcle Settings to finish the process.

Report this User

Report this user for behavior that violates our Community Guidelines.

Details: